LEADER 01335nam a2200337 a 4500 001 000000135463 003 CaOOAMICUS 005 20130926132406.0 008 130926s2013 it u000 u ita r 020 $a978-88-6250-412-6 040 $aPUL$bita 041 1 $aita$hger 082 04$a193 100 1 $aHusserl, Edmund,$d1859-1938.$0(OLS)http://pul/name/10441 240 10$aErste Philosophie.$lItaliano.$0(OLS)http://pul/title/171288 245 10$aStoria critica delle idee /$cEdmund Husserl ; a cura di Giovanni Piana. 250 $a3. ed. 260 $aMilano :$bGuerini e associati,$c2013. 300 $a212 p. ;$c21 cm 490 1 $aClassica. I Maestri ;$v01 650 4$aFenomenologia.$0(OLS)http://pul/subject/1230 700 1 $aPiana, Giovanni.$0(OLS)http://pul/name/13150 830 0$aClassica.$pI maestri ;$v01.$0(OLS)http://pul/title/171287 850 $aPUL 852 $aPUL$W1$xSL Filosofia 3$y81$m193 HUSED 4$j156209$qDDC 21$B155575$CPULBib$Z2$F155575 $H122867 $82 941 1 $a9 996 $6020$a978-88-6250-412-6$9(OLS)http://pul/number/153551 996 $6082$a193$9(OLS)http://pul/classification/412 996 $6245$aStoria critica delle idee$9(OLS)http://pul/title/79679 996 $6260$aMilano :$bGuerini e associati$9(OLS)http://pul/publisher/54431 LEADER 01227nam a2200277 a 4500 001 000000157392 003 CaOOAMICUS 005 20161213123517.0 008 161213s1941 it f z000 u ita r 032 $aLibriCat 040 $aPUL$bita 100 1 $aLeonardelli, Erminio,$cO.F.M.Conv.$0(OLS)http://pul/name/100395 245 13$aIl fine dell'ascetismo indo-cinese /$cfr. Erminio Leonardelli, O.F.M.Conv. 260 $aPadova :$bS. Angelo dei frati minori conv.,$c1941. 300 $a46 p. ;$c24 cm. 502 $aEstratto della tesi -- Pontificia Facoltà Teologica dei Frati Minori Conventuali in Roma. 1941. 504 $aBibliografia in nota. 650 4$aAscetismo.$0(OLS)http://pul/subject/14001 651 4$aCina$xStoria ecclesiastica.$0(OLS)http://pul/subject/8253 710 2 $aPontificia Facoltà Teologica S. Bonaventura.$kTesi.$0(OLS)http://pul/name/82386 850 $aPUL 852 $aPUL$W1$xDP1 Tesi Pon. Fac. Seraphicum$y36$mTH SER 7$j180701$qTesi$B183819$CPULBib$Z2$F183819 $82 941 1 $a16 996 $6245$aIl fine dell'ascetismo indo-cinese$9(OLS)http://pul/title/196993 996 $6260$aPadova :$bS. Angelo dei frati minori conv.$9(OLS)http://pul/publisher/85763